000 00771nam a2200265Ia 4500
003 OSt
005 20220918173245.0
006 a|||||r|||| 00| 0
007 ta
008 220917b |||||||| |||| 00| 0 eng d
024 _a5,872
037 _cTextual
040 _aARTS
_cARTS
_beng
041 _2eng
_aeng
082 _a22oaY, L5 (2)
110 _aLibrary advisory council (England & Wales)
_945550
245 0 _aPublic libraries and arivities
_b A joint report
260 _aLondon
_bHer Majestry's
_c1975
300 _a29p
_ccm.
490 _aLibrary information series; 5
650 _aLIBRARY SCIENCE
700 _aLibrary advisory council (England & Wales)
_945551
942 _h22oaY, L5 (2)
_cTEXL
_2CC
999 _c147881
_d147881